000 00446nam a2200193Ia 4500
005 20240823021422.0
008 240823s9999||||xx |||||||||||||| ||und||
020 _a81-7446-546-6
041 _aENGLISH
082 _A658.11 P7
100 _aJayaraman P
245 0 _aManagement ICONS
250 _a1st
260 _c2007
_b"Excel,New "
_aNew Delhi
500 _aYES
650 _aIcon
_bManagement Studies
942 _cBK
999 _c176985
_d176985